00433nam a2200121Ia 4500008004100000020001800041100002800059245003600087260002100123300001400144999001900158952013400177180205s9999 xx 000 0 und d a9781400034710 aMarquez, Gabriel Garcia aChronicle of a death foretold / aUSA :bUSAc2003 a120 pages c354957d354957 001040aCLbCLcFICd2018-02-05eLibrary Fundl1m4oPQ 8180 .M357 2003pc21184r2020-02-13 00:00:00s2020-01-07w2018-02-05yBK